| 000 | 00900nam a22002177a 4500 | ||
|---|---|---|---|
| 003 | BUBTL | ||
| 008 | 220201b ||||| |||| 00| 0 eng d | ||
| 020 | _a9789846000696 | ||
| 082 | _a954.92/ Is41n/ 2018 | ||
| 100 |
_94513 _aইসলাম, আরিফ বিন |
||
| 245 |
_aনেতাজি থেকে বঙ্গবন্ধু / _cআরিফ বিন ইসলাম |
||
| 250 | _a1st Edn. | ||
| 260 |
_aঢাকা: _bবইপত্র, _cc2018 |
||
| 300 |
_a208 p.: _c24 cm. |
||
| 505 | _aনেতাজি থেকে বঙ্গবন্ধু, নেতাজি, বঙ্গবন্ধু, আরিফ বিন ইসলাম , Netaji theke Bongobandhu, বঙ্গবন্ধু | ||
| 650 | 0 |
_93573 _aবঙ্গবন্ধু |
|
| 650 | 0 |
_94372 _aBangabandhu |
|
| 856 |
_k0 _l0 _yDownload |
||
| 942 |
_2ddc _cBK |
||
| 999 |
_c6653 _d6653 |
||